Základy účetnictví oceňování ke dni sestavení účetní závěrky
Pokračovanie z č.6/2010. Oceňovanie položiek účtovnej závierky vo fair value (reálna hodnota). Zistenie fair value. Vysporiadanie rozdielov z precenenia na fair value. Model fair value s výsledným a súvahovým precenením. Kombinovaný model.
Salvato in:
| Autore principale: | |
|---|---|
| Natura: | Capitolo di libro |
| Lingua: | ceco |
| Soggetti: | |
| Tags: |
Nessun Tag, puoi essere il primo ad aggiungerne!!
|
MARC
| LEADER | 00000naa$a2200000$$$4500 | ||
|---|---|---|---|
| 001 | 0116367 | ||
| 005 | 20230925092238.7 | ||
| 041 | 0 | |a cze | |
| 044 | |a CZ | ||
| 245 | 1 | 0 | |a Základy účetnictví |b oceňování ke dni sestavení účetní závěrky |c Dana Dvořáková |
| 520 | |a Pokračovanie z č.6/2010. Oceňovanie položiek účtovnej závierky vo fair value (reálna hodnota). Zistenie fair value. Vysporiadanie rozdielov z precenenia na fair value. Model fair value s výsledným a súvahovým precenením. Kombinovaný model. | ||
| 610 | 2 | 0 | |a pohľadávky |
| 610 | 2 | 0 | |a účtovníctvo |
| 610 | 2 | 0 | |a hodnota |
| 610 | 2 | 0 | |a závierka účtovná |
| 610 | 2 | 0 | |a hodnota reálna |
| 610 | 2 | 0 | |a oceňovanie |
| 610 | 2 | 0 | |a modely |
| 100 | 1 | |a Dvořáková, Dana | |